My Endeavour - Ruby Roberts - All Lyrics - Statistics

General Stats
  • This quiz has been taken 4 times
  • The average score is 92 of 264
Answer Stats
Answer % Correct
a
100%
endeavour
100%
I
100%
is
100%
my
100%
are
67%
gun
67%
heart
67%
in
67%
love
67%
me
67%
No,
67%
Oh,
67%
on
67%
shooting
67%
So
67%
so
67%
to
67%
you
67%
all
33%
And
33%
and
33%
as
33%
at
33%
be
33%
been
33%
come
33%
don't
33%
Don't
33%
down
33%
for
33%
forever
33%
gonna
33%
goodbye
33%
I'm
33%
it's
33%
It's
33%
I've
33%
let
33%
Love's
33%
mind
33%
pleasure
33%
since
33%
tell
33%
Tell
33%
that
33%
the
33%
The
33%
together
33%
up
33%
wait,
33%
what's
33%
why
33%
will
33%
with
33%
your
33%
You're
33%
(You're
33%
always
0%
ask
0%
away
0%
beautiful
0%
beautiful)
0%
Boy
0%
Boy,
0%
But
0%
crash
0%
dive
0%
dying
0%
eating
0%
eternity
0%
feel
0%
get
0%
Guess
0%
how
0%
I'd
0%
inside
0%
into
0%
just
0%
know
0%
light
0%
nothing,
0%
nothing
0%
now
0%
ocean
0%
one
0%
quick
0%
running
0%
sails
0%
scared
0%
ship
0%
take
0%
too
0%
Wanna
0%
waves
0%
We'll
0%
wonder
0%
won't
0%
you'll
0%
No matching quizzes found
Score Distribution
Percent of People with Each Score
Percentile by Number Answered
Your Score History
You have not taken this quiz